[Event "Titled Tuesday intern op 13th Feb Late"]
[Site "Chess.com INT"]
[Date "2024.02.13"]
[Round "7"]
[White "Kramnik, Vladimir"]
[Black "Goltsev, Dmitry"]
[Result "1/2-1/2"]
[WhiteElo "2753"]
[BlackElo "2215"]
[PlyCount "193"]
[EventDate "2024.02.13"]
[EventType "swiss (blitz)"]
[EventRounds "11"]
[EventCountry "USA"]
[SourceTitle "CB08_2024"]
[SourceDate "2024.02.21"]
[SourceVersion "1"]
[SourceVersionDate "2024.02.21"]
[SourceQuality "1"]

1. e4 e6 2. d4 d5 3. e5 c5 4. c3 Nc6 5. Nf3 Nge7 6. Na3 Nf5 7. Nc2 h5 8. Bd3 cxd4 9. cxd4 Be7 10. 0-0 g5 11. Be3 g4 12. Nd2 a6 13. Nb3 Rg8 14. Rc1 h4 15. Bxf5 exf5 16. Bf4 Be6 17. Qd2 Rc8 18. Ne3 Qb6 19. Qd3 Qb5 20. Qb1 h3 21. Nxf5 hxg2 22. Rfe1 Kd7 23. Nd6 Bxd6 24. exd6 b6 25. Rxe6 Kxe6 26. Re1+ Kf6 27. Qh7 Rce8 28. Be5+ Nxe5 29. dxe5+ Rxe5 30. Qh6+ Rg6 31. Qf4+ Rf5 32. Qd4+ Kg5 33. Qe3+ Kh5 34. Nd4 Re6 35. Nxb5 Rxe3 36. fxe3 d4 37. Nxd4 Rd5 38. Kxg2 Rxd6 39. Rf1 f6 40. Rf5+ Kg6 41. Rf4 Kg5 42. Kg3 Rd5 43. Rxg4+ Kh6 44. Rf4 Kg6 45. h4 Re5 46. Kf3 Rc5 47. Rg4+ Kf7 48. Rg7+ Kf8 49. Rf7+ Kxf7 50. Kf4 Rc1 51. Ke4 Rh1 52. Nf3 Ke6 53. Nd4+ Kf7 54. Nf5 Rh2 55. b4 Rxa2 56. Kd5 Rb2 57. Kc4 a5 58. b5 a4 59. Kc3 a3 60. Nd6+ Ke6 61. Nc4 Rh2 62. Nxa3 Rxh4 63. Nc4 Rh5 64. Nxb6 Rxb5 65. Nc4 Rh5 66. Kd4 Rh4+ 67. Kd3 f5 68. Nd2 Rh8 69. Nf3 Kf6 70. Nd4 Ra8 71. Ke2 Kg5 72. Kf3 Ra6 73. Ne2 Rh6 74. Nf4 Rh1 75. Ne6+ Kf6 76. Nf4 Rf1+ 77. Ke2 Ra1 78. Kf3 Ke5 79. Nd3+ Ke6 80. Nf4+ Kf6 81. Nd3 Ra3 82. Nf4 Rb3 83. Nd5+ Kg5 84. Nf4 Rb6 85. Nd5 Rd6 86. Nf4 Kh4 87. Ng2+ Kh3 88. Nf4+ Kh2 89. Nh5 Rh6 90. Ng7 Rf6 91. Kf4 Kg2 92. Nxf5 Ra6 93. e4 Kf2 94. e5 Ke2 95. e6 Rxe6 96. Nd4+ Kd3 97. Nxe6 1/2-1/2

[Event "Ufa Startsev Memorial Rapid"]
[Site "Ufa"]
[Date "2024.02.05"]
[Round "9"]
[White "Skatchkov, Valery"]
[Black "Goltsev, Dmitry"]
[Result "1/2-1/2"]
[WhiteElo "2213"]
[BlackElo "2215"]
[PlyCount "67"]
[EventDate "2024.02.04"]
[EventType "swiss (rapid)"]
[EventRounds "11"]
[EventCountry "RUS"]
[SourceTitle "CB07_2024"]
[SourceDate "2024.02.14"]
[SourceVersion "1"]
[SourceVersionDate "2024.02.14"]
[SourceQuality "1"]

1. d4 e6 2. c4 Nf6 3. Nf3 b6 4. g3 Ba6 5. b3 Bb4+ 6. Bd2 Be7 7. Bg2 d5 8. 0-0 0-0 9. Ne5 c6 10. Bc3 Bb7 11. Nd2 Nbd7 12. e4 c5 13. exd5 exd5 14. dxc5 Nxc5 15. Re1 Nce4 16. Nxe4 dxe4 17. Qe2 Qc8 18. h3 Re8 19. Rad1 Bc5 20. Ng4 Nxg4 21. Qxg4 Qxg4 22. hxg4 e3 23. fxe3 Rxe3 24. Rxe3 Bxe3+ 25. Kf1 Bxg2+ 26. Kxg2 h6 27. Rd7 a5 28. Kf3 Re8 29. Rd5 f6 30. Rd7 Re6 31. Bd4 Bxd4 32. Rxd4 Kf7 33. Rd7+ Kg6 34. Rb7 1/2-1/2

[Event "Ufa Startsev Memorial Blitz"]
[Site "Ufa"]
[Date "2024.02.03"]
[Round "11"]
[White "Goltsev, Dmitry"]
[Black "Zvjaginsev, Vadim"]
[Result "1/2-1/2"]
[WhiteElo "2215"]
[BlackElo "2572"]
[PlyCount "98"]
[EventDate "2024.02.03"]
[EventType "swiss (blitz)"]
[EventRounds "13"]
[EventCountry "RUS"]
[SourceTitle "CB07_2024"]
[SourceDate "2024.02.14"]
[SourceVersion "1"]
[SourceVersionDate "2024.02.14"]
[SourceQuality "1"]

1. e4 g6 2. d4 Bg7 3. Nf3 d6 4. Nc3 a6 5. a4 Nf6 6. Be2 0-0 7. 0-0 Nc6 8. Bg5 h6 9. Bf4 Bg4 10. d5 Bxf3 11. Bxf3 Ne5 12. Be2 Ned7 13. Qd2 Kh7 14. Be3 c6 15. dxc6 bxc6 16. Rad1 Qa5 17. f4 Rfb8 18. b3 Qb4 19. Bf3 Ne8 20. Ne2 e5 21. f5 Ndf6 22. Ng3 Qxd2 23. Rxd2 h5 24. h4 c5 25. Rfd1 Rb4 26. Re2 Bh6 27. Bg5 Kg7 28. Bxh6+ Kxh6 29. fxg6 fxg6 30. Nf1 c4 31. Re3 cxb3 32. cxb3 Rab8 33. Rdd3 d5 34. Nd2 d4 35. Re1 Nc7 36. Bd1 Ne6 37. Rf3 Ng4 38. Be2 Nf4 39. Bxa6 Ne3 40. g3 Ne6 41. Bc4 Nxc4 42. Nxc4 Rxb3 43. Nxe5 Rxf3 44. Nxf3 Rb3 45. Kf2 Ra3 46. Rc1 Ra2+ 47. Kf1 Ra3 48. Kf2 Ra2+ 49. Kf1 Ra3 1/2-1/2

[Event "Ufa Startsev Memorial Blitz"]
[Site "Ufa"]
[Date "2024.02.03"]
[Round "12"]
[White "Iljiushenok, Ilia"]
[Black "Goltsev, Dmitry"]
[Result "0-1"]
[WhiteElo "2547"]
[BlackElo "2215"]
[PlyCount "96"]
[EventDate "2024.02.03"]
[EventType "swiss (blitz)"]
[EventRounds "13"]
[EventCountry "RUS"]
[SourceTitle "CB07_2024"]
[SourceDate "2024.02.14"]
[SourceVersion "1"]
[SourceVersionDate "2024.02.14"]
[SourceQuality "1"]

1. c4 Nf6 2. Nc3 e5 3. Nf3 Nc6 4. e4 a5 5. a3 Bc5 6. Nxe5 Nxe5 7. d4 Bxd4 8. Qxd4 Nc6 9. Qd1 0-0 10. Be2 Re8 11. f3 Qe7 12. Be3 d6 13. 0-0 Ne5 14. b3 c6 15. Qd2 Be6 16. Rfd1 a4 17. Nxa4 Nxc4 18. Bxc4 Bxc4 19. Nb6 Bxb3 20. Rdb1 Ba4 21. Nxa8 Rxa8 22. Qb4 b5 23. Bf4 c5 24. Qd2 Rd8 25. Re1 Qe6 26. Rac1 Rd7 27. Qc3 h6 28. Bg3 Nh5 29. Bf2 Nf4 30. Be3 Ng6 31. Re2 Ne5 32. Bf4 Nc4 33. Rce1 f6 34. h3 Rb7 35. Rc1 d5 36. Qd3 d4 37. Rb1 Ne5 38. Qd2 d3 39. Ree1 c4 40. Qc3 Rd7 41. Rb2 Nc6 42. Be3 Qe5 43. Qxe5 fxe5 44. Rc1 Bc2 45. Bd2 Nd4 46. Kf2 Nb3 47. Be3 Nxc1 48. Bxc1 d2 0-1

[Event "Titled Tuesday intern op 23rd Jan Late"]
[Site "Chess.com INT"]
[Date "2024.01.23"]
[Round "7"]
[White "Goltsev, Dmitry"]
[Black "Shimanov, Aleksandr"]
[Result "0-1"]
[WhiteElo "2215"]
[BlackElo "2578"]
[PlyCount "142"]
[EventDate "2024.01.23"]
[EventType "swiss (blitz)"]
[EventRounds "11"]
[EventCountry "USA"]
[SourceTitle "CB05_2024"]
[SourceDate "2024.01.31"]
[SourceVersion "1"]
[SourceVersionDate "2024.01.31"]
[SourceQuality "1"]

1. e4 b6 2. Nc3 Bb7 3. d4 e6 4. Nf3 Bb4 5. Bd3 Nf6 6. Qe2 d5 7. exd5 Qxd5 8. a3 Bxc3+ 9. bxc3 Nbd7 10. Bf4 c5 11. c4 Qh5 12. c3 0-0 13. 0-0 Bxf3 14. Qxf3 Qxf3 15. gxf3 Rac8 16. a4 Nb8 17. Rfb1 cxd4 18. cxd4 Nc6 19. c5 Nd5 20. Bd6 Rfd8 21. Ba6 Nxd4 22. Bxc8 Rxc8 23. cxb6 axb6 24. a5 bxa5 25. Rxa5 Nxf3+ 26. Kg2 Nh4+ 27. Kh3 Nf5 28. Be5 h5 29. Rb8 Rxb8 30. Bxb8 g5 31. Be5 Kh7 32. Kg2 Kg6 33. Ra8 f6 34. Bb8 Nh4+ 35. Kf1 Nf3 36. Ra6 Kf5 37. Ra3 Nd2+ 38. Kg2 Nc4 39. Ra4 Ncb6 40. Ra1 Nd7 41. Bd6 e5 42. Rd1 Nf4+ 43. Kf1 Nb6 44. Be7 Nbd5 45. Bd8 g4 46. Ba5 h4 47. Bd2 Ne6 48. Ra1 h3 49. Be3 Ne7 50. Ra4 Ng6 51. Kg1 Nh4 52. Kh1 Nf3 53. Rb4 Nc7 54. Rc4 Nd5 55. Ra4 Nc3 56. Rc4 Nd5 57. Ra4 Nc7 58. Rc4 Ne6 59. Ra4 Ned4 60. Rc4 Ke4 61. Ra4 f5 62. Rb4 f4 63. Bxd4 exd4 64. Rb3 Ne5 65. Kg1 d3 66. Rb4+ Kd5 67. Rb5+ Kd4 68. Rb2 Kc3 69. Rb5 d2 70. Rd5 Nd3 71. f3 d1Q# 0-1